Greek Gods - Statistics

General Stats
  • This quiz has been taken 69 times
  • The average score is 10 of 15
Answer Stats
Question Answer % Correct
What Gods are nicknamed "The Big 3" Zeus, Hades, Poseidon
98%
Which God is the god of Thunder and Lightning? Zeus
93%
Who is the God of the Wind and Sea? Poseidon
91%
Which God is the God of the Dead Hades
87%
Which God does NOT live on Mount Olympus? Hades
82%
What did Kronos do to his Children Eat them
80%
Which Gods killed The Titans and sent his remains to The depths of Tartaros? Zeus, Poseidon, Hades
73%
Which is the first Percy Jackson? The Lightning Thief
65%
How many Greek Gods are there? 12
64%
In Percy Jackson, Who is said to be Percy's protector? Grover
51%
In Percy Jackson, Which girl is said to be the daughter of Athena Annabeth
49%
Who is the Daughter of Ares Clarisse
44%
Which is the 3rd Percy Jackson book? The Titans Curse
42%
What God is associated with Scorpio? Hades
38%
Which God is associated with Cancer? Artemis
24%
No matching quizzes found
Score Distribution
Percent of People with Each Score
Percentile by Number Answered
Your Score History
You have not taken this quiz